| 000 | 01106cam a2200277 4500 | ||
|---|---|---|---|
| 001 | ABS68269 | ||
| 008 | 041001n2004 000 0 eng u | ||
| 035 | _a(Sirsi) u127597 | ||
| 100 | _aAlexander, D. | ||
| 245 | _aCriterial-based planning policies - the way forward for PPS7 | ||
| 260 | _c2004 | ||
| 490 |
_aTown and Country Planning _v73(9) September 2004, 247-249(3) |
||
| 520 | _aA critique of the first approved Planning Policy Statement, PPS7 which covers sustainable development in rural areas. Looks at PPS7 in relation to government objectives for rural areas, national planning policies, sustainable rural communities, the countryside, agriculture and tourism. Concludes that supporting guidance is needed to help planners identify the key criteria of PPS7. | ||
| 590 | _aABS | ||
| 590 | _aABS | ||
| 650 | _aPPS7 | ||
| 650 | _aPLANNING POLICY | ||
| 650 | _aSUSTAINABLE DEVELOPMENT | ||
| 650 | _aRURAL COMMUNITIES | ||
| 650 | _aAGRICULTURAL PRACTICES | ||
| 650 | _aTOURISM | ||
| 650 | _aCOUNTRYSIDE | ||
| 650 | _aRURAL AREAS | ||
| 690 | _aPLANNING-PRACTICE | ||
| 942 | _n0 | ||
| 999 |
_c118102 _d118102 |
||